Merchandise trade statistic bulletin No 4 December 2004 (Record no. 50998)

MARC details
000 -LEADER
fixed length control field 00876nam a2200181 a 4500
008 - FIXED-LENGTH DATA ELEMENTS--GENERAL INFORMATION
fixed length control field 161108s2004 ||||||||||||||||| || u
020 ## - INTERNATIONAL STANDARD BOOK NUMBER
International Standard Book Number 9982260499
050 ## - LIBRARY OF CONGRESS CALL NUMBER
Classification number COMESA(05)MTS/2004/4
110 ## - MAIN ENTRY--CORPORATE NAME
Corporate name or jurisdiction name as entry element Common Market for Eastern and Southern Africa (COMESA)
245 10 - TITLE STATEMENT
Title Merchandise trade statistic bulletin No 4 December 2004
Statement of responsibility, etc. Common Market for Eastern and Southern Africa
260 ## - PUBLICATION, DISTRIBUTION, ETC.
Place of publication, distribution, etc. Lusaka
Name of publisher, distributor, etc. Common Market for Eastern and Southern Africa (COMESA)
Date of publication, distribution, etc. 2004
300 ## - PHYSICAL DESCRIPTION
Extent iii, 38p.: ill.
650 ## - SUBJECT ADDED ENTRY--TOPICAL TERM
Topical term or geographic name entry element FOREIGN TRADE PROMOTION--AFRICA, EASTERN--STATISTICS
650 ## - SUBJECT ADDED ENTRY--TOPICAL TERM
Topical term or geographic name entry element FOREIGN TRADE PROMOTION--AFRICA, SOUTHERN--STATISTICS
650 #0 - SUBJECT ADDED ENTRY--TOPICAL TERM
Topical term or geographic name entry element AFRICA, EASTERN--COMMERCE--STATISTICS
650 ## - SUBJECT ADDED ENTRY--TOPICAL TERM
Topical term or geographic name entry element AFRICA, SOUTHERN--COMMERCE--STATISTICS
995 ## - RECOMMENDATION 995 [LOCAL, UNIMARC FRANCE]
-- CBU-MAIN LIBRARY (Kitwe)
-- AVAILABLE
-- Nov 8, 2016
-- International Publications
Holdings
Withdrawn status Lost status Source of classification or shelving scheme Damaged status Not for loan Home library Current library Shelving location Date acquired Total Checkouts Full call number Barcode Date last seen Price effective from Koha item type
          CBU-MAIN LIBRARY, KITWE. CBU-MAIN LIBRARY, KITWE.   11/30/2022   COMESA(05)MTS/2004/4 B2779 11/30/2022 11/30/2022 MONOGRAPH